[Event "HUN-ch Rapid 2018"]
[Site "Ajka"]
[Date "2018.07.20"]
[Round "2"]
[White "Kovacs, Elod"]
[Black "Czebe, Attila"]
[Result "0-1"]
[WhiteElo "2126"]
[BlackElo "2488"]
[Annotator "TA"]
[PlyCount "104"]
[EventDate "2018.07.20"]
[EventType "swiss"]
[EventCountry "HUN"]
[SourceTitle "playchess.com"]
[Source "ChessBase"]
[SourceQuality "1"]

{[%evp 13,104,31,35,10,35,13,10,19,11,18,14,11,29,25,24,-5,36,15,27,25,34,18,21,-6,20,-26,-20,-26,-27,-31,-22,-26,-20,-23,-23,-25,-32,-32,-31,-24,-31,-19,-24,-22,0,-8,-6,-3,0,0,0,-43,-33,-41,-14,-11,-11,-13,-18,-20,-4,-20,0,0,0,0,0,0,0,0,13,0,12,0,5,0,0,0,0,0,9,6,0,0,10,0,0,0,0,0,0,-450,-472]} 1. d4 Nf6 2. c4 b6 3. Nc3 Bb7 4. e3 g6 5. Nf3 Bg7 6. Be2 O-O 7. O-O d6 {LiveBook: 6 Games} 8. b3 {E61: King's Indian: Early deviations for White, including Smyslov System} (8. b4 e5 9. dxe5 Nfd7 10. Bb2 Nxe5 11. Nxe5 Bxe5 12. Bf3 Bxf3 13. Qxf3 Na6 14. a3 Qh4 15. g3 Qxc4 {0-1 (64) Sargissian,G (2672)-Rapport,R (2707) Riadh 2017}) 8... e5 9. Bb2 Ne4 $146 ({Predecessor:} 9... Nbd7 10. Qc2 Re8 11. Rad1 e4 12. Nd2 Qe7 13. d5 a6 {½-½ (79) Dobre,C (2360)-Barnaure,V (2508) Targu Mures 2014}) 10. Nxe4 {The position is equal.} Bxe4 11. Nd2 Bb7 12. Bf3 Nc6 13. dxe5 dxe5 14. Bd5 Qc8 (14... Qe7 {looks sharper.} 15. Nb1 Rfd8 16. Qe2 Na5 17. Nc3 c6) 15. Qe2 Ne7 16. Bxb7 Qxb7 17. b4 Rfd8 18. a3 Qc6 19. Nb3 Rd7 20. Rfd1 Rad8 21. Rxd7 Qxd7 22. Kf1 Qd3 23. Qxd3 Rxd3 24. Nc1 Rd2 25. Bc3 Rc2 26. Ne2 {Black should prevent Rd1.} e4 27. Bxg7 Kxg7 $15 {[%mdl 4096] Endgame KRN-KRN} 28. Rc1 Ra2 29. Nc3 Rxa3 30. Nxe4 Nc6 31. b5 Ne5 32. Nd2 Nd3 33. Rc2 Ra1+ 34. Ke2 Nc5 35. Nf3 a5 36. bxa6 $1 Nxa6 37. Nd4 Nb4 38. Rb2 Ra4 39. Nb5 Na6 40. Rc2 c6 41. Nd6 Nc7 42. Rb2 Ra6 43. Nc8 b5 44. cxb5 Nxb5 45. Rd2 Nc3+ 46. Kf3 Nd5 47. Nd6 Kf8 48. Ne4 Ke7 49. Nc5 Ra3 50. Kg4 h5+ 51. Kg5 Nf6 {[#] And now ...Ra5 would win.} (51... Ra5 $5 52. Nb3 $8 Ra3 $11) 52. e4 $2 {[%mdl 8192]} (52. Rb2 $11 {and White has nothing to worry.}) 52... Ra5 {Precision: White = 46%, Black = 41%.} 0-1

[Event "HUN-ch Rapid 2018"]
[Site "Ajka"]
[Date "2018.07.20"]
[Round "2"]
[White "Marton, Jozsef"]
[Black "Nemeth, Miklos"]
[Result "1/2-1/2"]
[WhiteElo "2088"]
[BlackElo "2469"]
[Annotator "RC"]
[PlyCount "63"]
[EventDate "2018.07.20"]
[EventType "swiss"]
[EventCountry "HUN"]
[SourceTitle "playchess.com"]
[Source "ChessBase"]
[SourceQuality "1"]
[TimeControl "1200+5"]

1. d4 {[%emt 0:00:02]} Nf6 {[%emt 0:00:10]} 2. Nf3 {[%emt 0:00:02]} e6 {[%emt 0:00:03]} 3. Bf4 {[%emt 0:00:03]} b6 {[%emt 0:00:08]} 4. e3 {[%emt 0:00:03]} Bb7 {[%emt 0:00:02]} 5. h3 {[%emt 0:00:08]} h6 {[%emt 0:00:21]} 6. Be2 {[%emt 0:00:04]} g5 {[%emt 0:00:34]} 7. Bh2 {[%emt 0:00:59]} g4 {[%emt 0:00:04]} 8. hxg4 {[%emt 0:00:08]} Nxg4 {[%emt 0:00:02]} 9. Bf4 {[%emt 0:00:28]} d6 {[%emt 0:01:20]} 10. Nc3 {[%emt 0:01:41]} Nd7 {[%emt 0:00:55]} 11. Qd2 {[%emt 0:00:19]} Qe7 {[%emt 0:02:05]} 12. Nh4 {[%emt 0:00:29]} Ngf6 {[%emt 0:01:35]} 13. f3 {[%emt 0:00:58]} O-O-O {[%emt 0:01:15]} 14. a4 {[%emt 0:00:04]} e5 {[%emt 0:02:06]} 15. Bg3 {[%emt 0:00:44]} Rg8 {[%emt 0:01:40]} 16. Bf2 {[%emt 0:02:08]} a5 {[%emt 0:01:39]} 17. Nf5 {[%emt 0:03:35]} Qe6 {[%emt 0:00:11]} 18. e4 {[%emt 0:00:06]} d5 {[%emt 0:00:24]} 19. O-O-O {[%emt 0:02:39]} dxe4 {[%emt 0:00:14]} 20. Nxh6 {[%emt 0:00:32]} Rxg2 {[%emt 0:01:29]} 21. d5 {[%emt 0:00:40]} Nxd5 {[%emt 0:00:46]} 22. Nxd5 {[%emt 0:00:13]} Bxd5 {[%emt 0:00:07]} 23. Qxd5 {[%emt 0:00:53]} Bxh6+ {[%emt 0:00:53]} 24. Rxh6 {[%emt 0:00:21]} Qxh6+ {[%emt 0:00:43]} 25. Kb1 {[%emt 0:00:14]} c6 {[%emt 0:00:02]} 26. Qc4 {[%emt 0:02:34]} Rxf2 {[%emt 0:01:51]} 27. Qa6+ {[%emt 0:00:02]} Kb8 {[%emt 0:00:01]} 28. Rxd7 {[%emt 0:00:18]} Rxd7 {[%emt 0:00:01]} 29. Qxb6+ {[%emt 0:00:02]} Ka8 {[%emt 0:00:32]} 30. Qa6+ {[%emt 0:00:03]} Kb8 31. Qb6+ Ka8 {[%emt 0:00:03]} 32. Qa6+ {[%emt 0:00:02]} 1/2-1/2

[Event "HUN-ch Rapid 2018"]
[Site "Ajka"]
[Date "2018.07.20"]
[Round "2"]
[White "Mihok, Laszlo"]
[Black "Csiszar, Csaba"]
[Result "0-1"]
[WhiteElo "2066"]
[BlackElo "2432"]
[Annotator "TA"]
[PlyCount "120"]
[EventDate "2018.07.20"]
[EventType "swiss"]
[EventCountry "HUN"]
[SourceTitle "playchess.com"]
[Source "ChessBase"]
[SourceQuality "1"]

{[%evp 9,120,-5,0,-5,9,-8,-20,-15,-18,-38,-28,-39,-41,-39,-12,-24,-14,-9,-9,-9,-9,-47,-58,-43,-52,-52,-63,-39,-16,-27,-27,-82,-74,-74,-63,-42,-44,-65,-73,-58,-28,-32,-36,-31,0,-31,-22,-35,-16,-42,-8,-87,-87,-95,-96,-178,-179,-175,-175,-175,-175,-175,-175,-175,-175,-175,-174,-162,-166,-186,-181,-207,-141,-149,-142,-150,-149,-166,-142,-142,-142,-158,0,-142,-143,-187,-141,-222,-143,-310,-294,-1059,-1059,-904,-718,-693,-620,-12841,-12841,-12841,-12842,-12842,-12840,-12841,-12840,-12841,-12841,-12845,-12843,-12843,-12843,-12844,-12843]} 1. d4 Nf6 2. Bg5 c6 3. Nf3 (3. Bxf6 exf6 4. e3 d5 5. g3 Qb6 6. b3 a5 7. a3 Bf5 8. Bd3 Bxd3 9. Qxd3 Qa6 10. Qxa6 Nxa6 11. Nc3 f5 12. Nge2 Bd6 {½-½ (97) Sedlak,N (2552)-Szabo,G (2548) Hungary 2017}) 3... Qb6 4. b3 Ne4 5. Bd2 g6 $146 ({Predecessor:} 5... d5 6. e3 Bg4 7. c4 Nd7 8. Nc3 Nxd2 9. Qe2 Ne4 {0-1 (9) Luca,A (2218)-Ryska,J (2253) ICCF email 2008}) 6. e3 {A45: Trompowsky Attack} Bg7 7. Bd3 Nxd2 8. Nbxd2 {The position is equal.} O-O 9. h4 c5 {[%cal Rc5d4]} 10. c3 d5 11. h5 Nd7 12. Kf1 e5 13. dxe5 Nxe5 14. Nxe5 Bxe5 15. Qc2 Qf6 $36 {[%mdl 2048] White is under pressure.} 16. Rc1 Bg4 17. Be2 Bxe2+ 18. Kxe2 Rad8 19. Nf3 Qa6+ 20. Ke1 {[#]} (20. Qd3 $11 c4 21. bxc4 dxc4 22. Qc2) 20... Bf6 $1 $17 21. Qe2 Qa5 22. Qd2 Rfe8 23. Kf1 Qa6+ 24. Qe2 Qe6 25. hxg6 fxg6 26. Qc2 Rf8 27. Rh3 Kg7 28. Re1 Rde8 29. Rg3 Qd6 30. Ng5 (30. Rh3 $11) 30... Bxg5 31. Rxg5 Qh2 {...Qh4 is the strong threat.} 32. Ke2 {[#]} (32. Qd2 $17) 32... Rxf2+ $1 {[%mdl 512]} 33. Kxf2 {Threatens to win with Rg4.} Qh4+ 34. Rg3 Rf8+ 35. Kg1 Qxg3 $19 {[%mdl 4096] Endgame KQR-KQR} 36. Qe2 Re8 37. Qf2 Qe5 38. Rd1 b6 39. Qd2 Re7 40. Re1 {[#]} d4 $1 {[%mdl 512]} 41. cxd4 cxd4 42. e4 h5 {[%cal Bh7h5,Bh5h4][%mdl 32]} 43. Rd1 Rd7 44. Qd3 Qf4 45. Re1 Qe5 $2 ({Black should try} 45... g5 $17 46. Rd1 h4) 46. Rc1 (46. Rd1 $1 $11 {was the only way to keep the balance.}) 46... h4 $17 47. Rf1 Qg5 48. Re1 (48. Rd1 $17 {was worth a try.}) 48... Qf4 49. e5 $2 {[#]} (49. Rd1 $17 {keeps fighting.}) 49... Rf7 $1 $19 50. e6 $2 (50. Rd1 Qf2+ 51. Kh2) 50... Qf2+ {Black is clearly winning.} 51. Kh2 Qxe1 52. exf7 {KQ-KQ} Qe5+ 53. Kg1 Qe3+ 54. Qxe3 dxe3 {KP-KP} 55. Kf1 Kxf7 56. Ke2 Kf6 57. Kxe3 Kf5 58. g3 h3 59. Kf3 Kg5 60. a3 a6 {Precision: White = 23%, Black = 66%.} 0-1

[Event "HUN-ch Rapid 2018"]
[Site "Ajka"]
[Date "2018.07.20"]
[Round "2"]
[White "Czupor, Attila"]
[Black "Galyas, Miklos"]
[Result "1/2-1/2"]
[WhiteElo "2045"]
[BlackElo "2382"]
[Annotator "NA"]
[PlyCount "134"]
[EventDate "2018.07.20"]
[EventType "swiss"]
[EventCountry "HUN"]
[SourceTitle "playchess.com"]
[Source "ChessBase"]
[SourceQuality "1"]
[TimeControl "1200+5"]

1. e4 {[%emt 0:00:03]} g6 {[%emt 0:00:01]} 2. d4 {[%emt 0:00:02]} Bg7 {[%emt 0:00:01]} 3. Nf3 {[%emt 0:00:16]} d6 {[%emt 0:00:03]} 4. Be2 {[%emt 0:00:07]} Nf6 {[%emt 0:00:01]} 5. Nc3 {[%emt 0:00:07]} O-O {[%emt 0:00:02]} 6. h3 {[%emt 0:00:04]} a6 {[%emt 0:00:10]} 7. Be3 {[%emt 0:00:05]} b5 {[%emt 0:00:14]} 8. a3 {[%emt 0:01:43]} Bb7 {[%emt 0:00:02]} 9. Nd2 {[%emt 0:00:43]} Nbd7 {[%emt 0:00:23]} 10. Bf3 {[%emt 0:00:16]} e5 {[%emt 0:01:37]} 11. d5 {[%emt 0:01:36]} c5 {[%emt 0:00:09]} 12. g4 {[%emt 0:00:48]} c4 {[%emt 0:02:05]} 13. a4 {[%emt 0:01:32]} b4 {[%emt 0:01:05]} 14. Na2 {[%emt 0:00:16]} c3 {[%emt 0:00:28]} 15. bxc3 {[%emt 0:00:13]} bxc3 {[%emt 0:00:02]} 16. Nxc3 {[%emt 0:00:07]} Rc8 {[%emt 0:00:10]} 17. Ne2 {[%emt 0:02:27]} Nc5 {[%emt 0:00:08]} 18. O-O {[%emt 0:01:00]} Rc7 {[%emt 0:00:46]} 19. Ng3 {[%emt 0:01:32]} Bc8 {[%emt 0:00:41]} 20. Nb3 {[%emt 0:00:25]} Nfd7 {[%emt 0:00:40]} 21. Qd2 {[%emt 0:01:00]} Nxb3 {[%emt 0:01:20]} 22. cxb3 {[%emt 0:00:04]} Nc5 {[%emt 0:00:01]} 23. Ra3 {[%emt 0:01:57]} f5 {[%emt 0:00:33]} 24. exf5 {[%emt 0:00:14]} gxf5 {[%emt 0:00:05]} 25. gxf5 {[%emt 0:02:34]} Rxf5 {[%emt 0:05:16]} 26. Nxf5 {[%emt 0:00:21]} Bxf5 {[%emt 0:00:02]} 27. b4 {[%emt 0:01:36]} Nd7 {[%emt 0:03:18]} 28. Bg2 {[%emt 0:00:15]} Rc2 {[%emt 0:00:06]} 29. Qd1 {[%emt 0:00:07]} Nf6 {[%emt 0:00:01]} 30. Bg5 {[%emt 0:00:29]} Qc8 {[%emt 0:00:19]} 31. Rg3 {[%emt 0:00:09]} Kh8 {[%emt 0:00:01]} 32. b5 {[%emt 0:00:11]} axb5 {[%emt 0:00:05]} 33. axb5 {[%emt 0:00:01]} Ne4 {[%emt 0:00:51]} 34. Bxe4 {[%emt 0:00:04]} Bxe4 {[%emt 0:00:01]} 35. Qg4 {[%emt 0:00:14]} Bf5 {[%emt 0:00:21]} 36. Qh4 {[%emt 0:00:03]} Rc4 {[%emt 0:00:05]} 37. Qh5 {[%emt 0:00:10]} Bg6 {[%emt 0:00:09]} 38. Qe2 {[%emt 0:00:07]} Rc2 {[%emt 0:00:07]} 39. Qe3 {[%emt 0:00:05]} e4 {[%emt 0:00:19]} 40. Qb6 {[%emt 0:00:08]} Be5 {[%emt 0:00:05]} 41. Re3 {[%emt 0:00:03]} Qf5 {[%emt 0:00:05]} 42. Qd8+ {[%emt 0:00:07]} Kg7 {[%emt 0:00:05]} 43. Qe7+ {[%emt 0:00:02]} Bf7 {[%emt 0:00:14]} 44. Bh4 {[%emt 0:00:06]} Rc8 {[%emt 0:00:10]} 45. Qg5+ {[%emt 0:00:03]} Qxg5+ {[%emt 0:00:02]} 46. Bxg5 {[%emt 0:00:01]} Bxd5 {[%emt 0:00:02]} 47. Rb1 {[%emt 0:00:07]} Kg6 {[%emt 0:00:36]} 48. Bh4 {[%emt 0:00:05]} Kf5 {[%emt 0:00:09]} 49. Bg3 {[%emt 0:00:07]} Bd4 {[%emt 0:00:02]} 50. Ra3 {[%emt 0:00:02]} Bc5 {[%emt 0:00:05]} 51. Ra4 {[%emt 0:00:08]} e3 {[%emt 0:00:04]} 52. fxe3 {[%emt 0:00:09]} Bxe3+ {[%emt 0:00:01]} 53. Kf1 {[%emt 0:00:06]} Rc2 {[%emt 0:00:28]} 54. Rab4 {[%emt 0:00:06]} Bg2+ {[%emt 0:00:16]} 55. Ke1 {[%emt 0:00:01]} Bf3 {[%emt 0:00:02]} 56. R4b2 {[%emt 0:00:05]} Rc8 {[%emt 0:00:11]} 57. Bf2 {[%emt 0:00:03]} Bf4 {[%emt 0:00:09]} 58. b6 {[%emt 0:00:05]} Re8+ {[%emt 0:00:02]} 59. Kf1 {[%emt 0:00:01]} Bb7 {[%emt 0:00:02]} 60. Rb5+ {[%emt 0:00:06]} Be5 {[%emt 0:00:03]} 61. Ra5 {[%emt 0:00:05]} Re7 {[%emt 0:00:13]} 62. Bg3 {[%emt 0:00:04]} Rg7 {[%emt 0:00:02]} 63. Bxe5 {[%emt 0:00:02]} dxe5 {[%emt 0:00:01]} 64. Ra2 {[%emt 0:00:11]} e4 {[%emt 0:00:03]} 65. Ra3 {[%emt 0:00:08]} Kf4 {[%emt 0:00:03]} 66. Rb4 {[%emt 0:00:05]} Rd7 {[%emt 0:00:04]} 67. Ke2 {[%emt 0:00:06]} Ke5 1/2-1/2

[Event "HUN-ch Rapid 2018"]
[Site "Ajka"]
[Date "2018.07.20"]
[Round "2"]
[White "Koronghy, Gyula"]
[Black "Dankhazi, Andras"]
[Result "0-1"]
[WhiteElo "2020"]
[BlackElo "2361"]
[Annotator "NA"]
[PlyCount "72"]
[EventDate "2018.07.20"]
[EventType "swiss"]
[EventCountry "HUN"]
[SourceTitle "playchess.com"]
[Source "ChessBase"]
[SourceQuality "1"]
[TimeControl "1200+5"]

1. e4 {[%emt 0:00:03]} e5 {[%emt 0:00:00]} 2. Nf3 {[%emt 0:00:03]} Nc6 {[%emt 0:00:02]} 3. Nc3 {[%emt 0:00:01]} Nf6 {[%emt 0:00:04]} 4. d4 {[%emt 0:00:03]} exd4 {[%emt 0:00:02]} 5. Nd5 {[%emt 0:00:00]} Nb4 {[%emt 0:00:09]} 6. Bc4 {[%emt 0:00:39]} Nbxd5 {[%emt 0:01:51]} 7. exd5 {[%emt 0:00:26]} Bb4+ {[%emt 0:02:00]} 8. Bd2 {[%emt 0:00:28]} Qe7+ {[%emt 0:00:01]} 9. Qe2 {[%emt 0:00:16]} Bxd2+ {[%emt 0:00:36]} 10. Kxd2 {[%emt 0:00:20]} Qxe2+ {[%emt 0:00:04]} 11. Kxe2 {[%emt 0:00:22]} c5 {[%emt 0:02:45]} 12. dxc6 $1 {[%emt 0:01:51]} bxc6 $11 {[%emt 0:00:02]} 13. Nxd4 {[%emt 0:00:17]} d5 {[%emt 0:01:33]} 14. Bd3 {[%emt 0:04:29]} c5 {[%emt 0:00:51]} 15. Bb5+ {[%emt 0:00:20]} Bd7 {[%emt 0:00:08]} 16. Bxd7+ {[%emt 0:00:21]} Kxd7 {[%emt 0:00:06]} 17. Nb3 {[%emt 0:01:38]} Rhe8+ {[%emt 0:00:19]} 18. Kf3 {[%emt 0:01:10]} Kc6 {[%emt 0:00:23]} 19. Rhe1 {[%emt 0:00:41]} Nd7 {[%emt 0:01:29]} 20. g3 {[%emt 0:00:18]} Ne5+ {[%emt 0:00:08]} 21. Kg2 {[%emt 0:00:09]} Nc4 {[%emt 0:00:02]} 22. Rab1 {[%emt 0:02:21]} Rxe1 {[%emt 0:01:01]} 23. Rxe1 {[%emt 0:00:03]} Kd6 {[%emt 0:00:01]} 24. Rb1 {[%emt 0:02:10]} Rb8 {[%emt 0:00:02]} 25. f4 {[%emt 0:00:37]} a5 {[%emt 0:00:21]} 26. Kf3 {[%emt 0:00:12]} Rxb3+ {[%emt 0:01:13]} 27. axb3 {[%emt 0:00:29]} Nd2+ {[%emt 0:00:01]} 28. Ke2 {[%emt 0:00:01]} Nxb1 {[%emt 0:00:02]} 29. Kd1 {[%emt 0:00:00]} d4 {[%emt 0:02:31]} 30. Kc1 {[%emt 0:00:12]} Nc3 {[%emt 0:00:02]} 31. bxc3 {[%emt 0:00:02]} dxc3 {[%emt 0:00:01]} 32. Kd1 {[%emt 0:00:02]} c4 {[%emt 0:00:42]} 33. Ke2 {[%emt 0:00:17]} Kc5 {[%emt 0:00:04]} 34. Ke3 {[%emt 0:00:13]} cxb3 {[%emt 0:00:04]} 35. cxb3 {[%emt 0:00:01]} Kb4 {[%emt 0:00:01]} 36. Kd3 {[%emt 0:01:13]} Kxb3 {[%emt 0:00:02]} 0-1

[Event "HUN-ch Rapid 2018"]
[Site "Ajka"]
[Date "2018.07.20"]
[Round "3"]
[White "Almasi, Zoltan"]
[Black "Bagi, Mate"]
[Result "1-0"]
[WhiteElo "2650"]
[BlackElo "2394"]
[Annotator "TA"]
[PlyCount "73"]
[EventDate "2018.07.20"]
[EventType "swiss"]
[EventCountry "HUN"]
[SourceTitle "playchess.com"]
[Source "ChessBase"]
[SourceQuality "1"]

{[%evp 15,73,44,52,47,60,50,66,62,59,52,60,46,42,45,45,40,45,52,49,44,58,62,62,52,89,20,16,10,15,-19,167,177,169,166,197,191,236,196,246,235,325,330,303,289,481,475,494,503,583,575,1134,618,614,609,647,647,689,711,646,660]} 1. e4 e5 2. Nf3 Nc6 3. Bb5 a6 4. Ba4 Nf6 5. O-O Be7 6. d3 d6 7. c3 O-O 8. Re1 Nd7 {LiveBook: 72 Games} 9. h3 {C84: Closed Ruy Lopez: Unusual White 6th moves} (9. Be3 Nb6 10. Bb3 Kh8 11. Nbd2 f5 12. Bxb6 cxb6 13. exf5 Bxf5 14. d4 exd4 15. Nxd4 Nxd4 16. cxd4 Qd7 {0-1 (32) Anand,V (2783)-Caruana,F (2807) Saint Louis 2017}) 9... Nb6 10. Bb3 $146 ({Predecessor:} 10. Bc2 Bf6 11. Nbd2 g6 12. Nf1 Bg7 13. Be3 d5 14. Qc1 d4 15. Bh6 Be6 {½-½ (88) Davletbayeva,M (2259)-Torre,E (2462) Jakarta 2013}) 10... a5 11. Be3 {White is slightly better.} Ra6 12. a4 Kh8 13. d4 exd4 14. Nxd4 Nxd4 15. Bxd4 c5 16. Be3 f5 $1 17. exf5 Bxf5 18. Na3 {[%cal Bb1a3,Ba3b5,Bb5c7][%mdl 32]} d5 {[%cal Bd6d5,Bd5d4,Bd4d3][%mdl 32]} 19. Nb5 Qd7 20. Qh5 ({Better is} 20. Qd2 $1 $16) 20... d4 21. Rad1 {[%cal Re3d4] Hoping for Bxd4!} d3 $1 22. Rd2 Nd5 $2 {[#]} (22... c4 $11 23. Ba2 Rc8) 23. Bxd5 $1 $18 Qxd5 24. Nc7 Qc6 25. Nxa6 Qxa6 26. Bg5 Bd6 27. Be7 Bxe7 28. Rxe7 Qf6 29. Rxb7 {[%cal Be7b7,Bb7b5,Bb5c5,Bc5c7][%mdl 32]} Qe5 $2 (29... h6 {keeps fighting.} 30. Qf3 Re8) 30. Qg5 {White is clearly winning.} Re8 {[#]} 31. Qe3 $1 Be4 (31... Qxe3 32. fxe3) 32. Rb5 Qf6 33. Rxc5 {Black must now prevent Qxe4!} Bg6 {[#]} 34. Qd4 $1 Qe7 {With the idea ...Qe1+.} 35. Kh2 Qe1 {[#]} 36. Rc7 $1 {[%csl Gc7][%cal Rd4g7][%mdl 512]} Rg8 37. Qe3 {Precision: White = 60%, Black = 42%.} 1-0

[Event "HUN-ch Rapid 2018"]
[Site "Ajka"]
[Date "2018.07.20"]
[Round "3"]
[White "Balog, Imre"]
[Black "Hajnal, Zoltan"]
[Result "1-0"]
[WhiteElo "2613"]
[BlackElo "2357"]
[Annotator "TA"]
[PlyCount "61"]
[EventDate "2018.07.20"]
[EventType "swiss"]
[EventCountry "HUN"]
[SourceTitle "playchess.com"]
[Source "ChessBase"]
[SourceQuality "1"]

{[%evp 21,61,12,9,18,31,22,24,22,25,33,24,20,21,20,36,35,125,71,74,51,157,59,61,46,22,0,0,-1,45,62,78,27,168,156,287,286,819,818,1040,1101,1475,1413]} 1. d4 d5 2. Nf3 Nf6 3. c4 c6 4. Qb3 dxc4 5. Qxc4 Bf5 6. g3 e6 7. Bg2 Be7 8. O-O Nbd7 9. e3 O-O {D23: Angenommenes Damengambit} 10. Qe2 h6 (10... Qa5 11. Nc3 Ne4 12. Bd2 Nxd2 13. Nxd2 Rfd8 14. Rfd1 Rac8 15. e4 Bg6 {½-½ (25) Bu,X (2725)-Shankland,S (2671) Liaocheng 2018}) 11. Rd1 Rc8 {LiveBook: 8 Partien. Die Stellung ist ausgeglichen.} 12. b3 $146 ({Vorgänger:} 12. Nc3 Ne4 13. Ne1 Nxc3 14. bxc3 Qa5 15. Bd2 Nb6 {1-0 (48) Lenderman,A (2573)-Abhishek,K (2381) chess.com INT 2017}) 12... a5 13. Bb2 a4 14. Ne5 Nxe5 15. dxe5 Nd7 $1 16. Na3 axb3 17. axb3 Qc7 18. Nc4 Nc5 (18... Ra8 $14) 19. Nd6 ({Lieber} 19. b4 Nd7 20. Nd6) 19... Nxb3 $16 20. e4 Bh7 {[#]} (20... Bg6 $1 $14) 21. Nxc8 (21. Ra7 $1 $16 {Droht De3 und aus.} Bxd6 22. exd6) 21... Rxc8 $14 22. Rab1 $36 {[%mdl 2048] Weiss drückt.} b5 23. Qc2 Na5 $1 24. Bf1 Nb7 25. f3 Nc5 26. Ba3 (26. Ra1 $16) 26... Nxe4 (26... Qa7 $11 {und Schwarz ist OK.} 27. Bxc5 Bxc5+ 28. Kg2 Qb6) 27. Bxe7 $18 Qa7+ (27... Ng5 $16 {ist eine bessere Verteidigung.} 28. Bd3 (28. Qc5 Nxf3+ 29. Kg2 Bxb1 $14) 28... Qxe7) 28. Kg2 Ng5 $2 {[#]} (28... Nd2 29. Qxd2 Bxb1) 29. Qxc6 $1 {[%cal Rc6c8][%mdl 512] Weiß steht klar auf Gewinn.} Rb8 (29... Rxc6 30. Rd8#) 30. Rxb5 Qa2+ 31. Kh1 {Precision: Weiß = 45%, Schwarz = 23%.} 1-0

[Event "HUN-ch Rapid 2018"]
[Site "Ajka"]
[Date "2018.07.20"]
[Round "3"]
[White "Banusz, Tamas"]
[Black "Kiss, Pal"]
[Result "1-0"]
[WhiteElo "2592"]
[BlackElo "2356"]
[Annotator "RC"]
[PlyCount "157"]
[EventDate "2018.07.20"]
[EventType "swiss"]
[EventCountry "HUN"]
[SourceTitle "playchess.com"]
[Source "ChessBase"]
[SourceQuality "1"]
[TimeControl "1200+5"]

1. Nf3 {[%emt 0:00:04]} d5 {[%emt 0:00:02]} 2. g3 {[%emt 0:00:02]} Nf6 {[%emt 0:00:04]} 3. Bg2 {[%emt 0:00:01]} c6 {[%emt 0:00:02]} 4. c4 {[%emt 0:00:02]} Bg4 {[%emt 0:00:07]} 5. Ne5 {[%emt 0:00:01]} Be6 {[%emt 0:00:03]} 6. cxd5 {[%emt 0:00:02]} Bxd5 {[%emt 0:00:02]} 7. Nf3 {[%emt 0:00:02]} c5 {[%emt 0:00:02]} 8. Nc3 {[%emt 0:00:06]} Bc6 {[%emt 0:00:03]} 9. O-O {[%emt 0:00:03]} e6 {[%emt 0:00:11]} 10. Qc2 {[%emt 0:00:05]} Be7 {[%emt 0:00:24]} 11. Rd1 {[%emt 0:00:11]} O-O {[%emt 0:02:38]} 12. e4 {[%emt 0:00:17]} Qb6 {[%emt 0:00:58]} 13. d4 {[%emt 0:01:46]} Rd8 {[%emt 0:01:09]} 14. e5 {[%emt 0:00:34]} Nd5 {[%emt 0:00:16]} 15. Ng5 {[%emt 0:01:43]} g6 {[%emt 0:01:19]} 16. Nxd5 {[%emt 0:01:47]} Bxd5 {[%emt 0:00:24]} 17. dxc5 {[%emt 0:00:20]} Qxc5 {[%emt 0:01:26]} 18. Qxc5 {[%emt 0:01:01]} Bxc5 {[%emt 0:00:02]} 19. Bxd5 {[%emt 0:01:44]} Rxd5 {[%emt 0:00:30]} 20. Rxd5 {[%emt 0:00:01]} exd5 {[%emt 0:00:02]} 21. Bf4 {[%emt 0:00:01]} h6 {[%emt 0:01:33]} 22. Nf3 {[%emt 0:00:23]} g5 {[%emt 0:00:12]} 23. Rc1 {[%emt 0:02:12]} Nd7 {[%emt 0:02:05]} 24. Bd2 {[%emt 0:00:02]} Re8 {[%emt 0:01:38]} 25. h3 {[%emt 0:00:03]} Bb6 {[%emt 0:00:39]} 26. Bc3 {[%emt 0:00:24]} Nc5 {[%emt 0:00:42]} 27. Rd1 {[%emt 0:01:17]} Na4 {[%emt 0:01:16]} 28. Rxd5 {[%emt 0:00:53]} Nxc3 {[%emt 0:00:04]} 29. bxc3 {[%emt 0:00:01]} Rc8 {[%emt 0:00:18]} 30. Rd3 {[%emt 0:02:28]} Ba5 {[%emt 0:00:24]} 31. Kg2 {[%emt 0:01:58]} Rxc3 {[%emt 0:00:17]} 32. Rd6 {[%emt 0:00:17]} Bb6 {[%emt 0:00:44]} 33. Nd2 {[%emt 0:00:06]} Rc2 {[%emt 0:00:37]} 34. Ne4 {[%emt 0:00:02]} Kg7 {[%emt 0:00:28]} 35. Kf3 {[%emt 0:01:01]} Rxa2 {[%emt 0:00:28]} 36. Kg4 {[%emt 0:00:01]} Bc7 {[%emt 0:00:22]} 37. Rd7 {[%emt 0:01:07]} Bxe5 {[%emt 0:00:09]} 38. Rxb7 {[%emt 0:00:01]} Kg6 {[%emt 0:00:22]} 39. Kf3 {[%emt 0:00:11]} Ra3+ {[%emt 0:00:05]} 40. Kg2 {[%emt 0:00:01]} Ra2 {[%emt 0:00:12]} 41. Rb5 {[%emt 0:00:21]} Bd4 {[%emt 0:00:16]} 42. g4 {[%emt 0:00:01]} Bb6 {[%emt 0:00:07]} 43. Rd5 {[%emt 0:00:02]} Ra4 {[%emt 0:00:07]} 44. Rd6+ {[%emt 0:00:02]} Kg7 {[%emt 0:00:18]} 45. Ng3 {[%emt 0:00:07]} Kf8 {[%emt 0:00:05]} 46. Rxh6 {[%emt 0:00:09]} Rf4 {[%emt 0:00:25]} 47. f3 {[%emt 0:00:12]} Ra4 {[%emt 0:00:04]} 48. Ne4 {[%emt 0:00:01]} Be3 {[%emt 0:00:03]} 49. Rf6 {[%emt 0:00:09]} Ra2+ 50. Kf1 Ke7 {[%emt 0:00:06]} 51. Rf5 {[%emt 0:00:02]} a5 {[%emt 0:00:08]} 52. Nc3 {[%emt 0:00:03]} Ra1+ {[%emt 0:00:06]} 53. Ke2 {[%emt 0:00:01]} Bf4 {[%emt 0:00:13]} 54. Nd5+ {[%emt 0:00:01]} Ke6 {[%emt 0:00:00]} 55. Nxf4+ {[%emt 0:00:04]} gxf4 {[%emt 0:00:01]} 56. Rxf4 {[%emt 0:00:01]} Rh1 {[%emt 0:00:03]} 57. Ra4 Rxh3 {[%emt 0:00:03]} 58. Rxa5 {[%emt 0:00:12]} Rh1 {[%emt 0:00:03]} 59. Ke3 {[%emt 0:00:01]} Kf6 {[%emt 0:00:01]} 60. Kf4 {[%emt 0:00:05]} Rb1 {[%emt 0:00:07]} 61. Ra6+ {[%emt 0:00:03]} Kg7 {[%emt 0:00:01]} 62. g5 {[%emt 0:00:01]} Rb5 {[%emt 0:00:02]} 63. Kg4 {[%emt 0:00:01]} Rb4+ {[%emt 0:00:20]} 64. f4 {[%emt 0:00:01]} Rb1 {[%emt 0:00:01]} 65. Ra7 {[%emt 0:00:09]} Rb2 {[%emt 0:00:05]} 66. Ra8 {[%emt 0:00:24]} Rb1 {[%emt 0:00:03]} 67. Rc8 {[%emt 0:00:03]} Rb2 {[%emt 0:00:02]} 68. f5 {[%emt 0:00:38]} Rg2+ {[%emt 0:00:14]} 69. Kf4 {[%emt 0:00:00]} Rf2+ {[%emt 0:00:06]} 70. Ke4 {[%emt 0:00:01]} Rg2 {[%emt 0:00:08]} 71. f6+ {[%emt 0:00:08]} Kh7 {[%emt 0:00:04]} 72. Kf4 {[%emt 0:00:05]} Rg1 {[%emt 0:00:09]} 73. Rf8 {[%emt 0:00:02]} Rf1+ {[%emt 0:00:03]} 74. Ke5 {[%emt 0:00:09]} Re1+ {[%emt 0:00:03]} 75. Kd6 {[%emt 0:00:16]} Kg6 {[%emt 0:00:10]} 76. Rg8+ {[%emt 0:00:01]} Kf5 {[%emt 0:00:01]} 77. Rg7 {[%emt 0:00:02]} Re2 {[%emt 0:00:10]} 78. Kd7 {[%emt 0:00:10]} Rg2 {[%emt 0:00:06]} 79. Ke7 {[%emt 0:00:03]} 1-0